00586nam a2200181 a 4500008004100000020001500041050001700056100002700073245007900100260003900179300001200218350000900230650000800239650004400247650005300291650003600344700002400380120416s1998 ||||||||||||||||| || u a0421633107 aKD 86.A2 Sup aJacob, Jack I. H., Sir14aThe supreme court practice 1999cedited by Sir Richard Scott; (and others) aLondon:bSweet & Maxwell Ltdc1998 a3 vols. a0.00 aLAW aENGLAND.SUPREME COURT--LAW AND PRACTICE aUNITED KINGDOM, SUPREME COURTS--JUDICIAL PROCESS aSUPREME COURT--LAW AND PRACTICE aScott, Richard, Sir